000 00970nas a2200289 4500
001 BR2015002610
003 BR-BrBNA
005 20231205125251.0
007 ta
008 230509b bl.|||p| |||| 00| 00por d
040 _aBR-BrBNA
_bpor
_cBiblioteca Nacional de Agricultura
041 _a(En)
072 _aP34
100 1 _aSantos, J. da S.
100 1 _aViana, T. de O.
100 1 _aJesus, C.M. de
100 1 _aBaldani, V.L.D.
100 1 _aFerreira, J.S.
245 1 _aInoculation and isolation of plant growth-promoting bacteria in maize grown in Vitória da Conquista, Bahia, Brazil
650 _aMILHO
650 _aINOCULAÇÃO
650 _aBIOLOGIA DO SOLO
773 0 _tRevista Brasileira de Ciência do Solo (Brazil)
_xISSN 0100-0683
_g(Jan-Feb 2015), v. 39(1) p. 78-85
_wBR2015002610
856 4 0 _uhttp://www.scielo.br/pdf/rbcs/v39n1/0100-0683-rbcs-39-1-0078.pdf
909 _a202311
_bLúcia
_c55
_dLúcia Elande
942 _2AGRIS
_n0
_cANA
999 _c243530
_d243530